Spiritual Growth/ (Record no. 216676)

MARC details
000 -LEADER
fixed length control field 00501nam a22001937a 4500
005 - DATE AND TIME OF LATEST TRANSACTION
control field 20260616110650.0
010 ## - LCCN (DPL NO)
LC control number ENG-148857
020 ## - INTERNATIONAL STANDARD BOOK NUMBER
Terms of availability 250.00
International Standard Book Number 9788185988337
035 ## - SYSTEM CONTROL NUMBER
System control number EN-132389
037 ## - SOURCE OF ACQUISITION
Stock number DBAD
082 ## - DEWEY DECIMAL CLASSIFICATION NUMBER
Classification number 230.3
Edition number 1
100 ## - MAIN ENTRY--PERSONAL NAME
Personal name Aporesh
245 ## - TITLE STATEMENT
Title Spiritual Growth/
Remainder of title Aporesh
250 ## - EDITION STATEMENT
Edition statement 1
260 ## - PUBLICATION, DISTRIBUTION, ETC. (IMPRINT)
Place of publication, distribution, etc Chennai
Name of publisher, distributor, etc Ganesh & Co.
Date of publication, distribution, etc 2015
270 ## - ADDRESS
Address 38 Thankachalam Road
City Madras
Postal code 600017
300 ## - PHYSICAL DESCRIPTION
Extent 141p.
Dimensions 22cm(Pb)
942 ## - ADDED ENTRY ELEMENTS (KOHA)
Source of classification or shelving scheme Dewey Decimal Classification
Item type English Books
Classification part 230.3
Call number suffix APO
Holdings
Withdrawn status Lost status Not for loan Collection code Home library Current library Date acquired Source of acquisition Cost, normal purchase price Full call number Barcode Copy number Cost, replacement price Koha item type
    Not For Loan Non-fiction D.B.Act.Division D.B.Act.Division 16/06/2026 Delivery of Books Act Division 250.00 230.3 APO EN-132389 1 250.00 English Books

© Delhi Public Library
Hit Counter
free hit counter